000 00306nam a22001337a 4500
008 181019b xxu||||| |||| 00| 0 eng d
020 _a9781412950299
041 _aeng
080 _23rd
_a371
100 _a46
101 _aEDU
245 _aDevelopmental Research Methods
_cMiller,S.A
942 _2udc
_cBK
999 _c50197
_d50197